000 00930nam a2200229Ia 4500
999 _c40319
_d40319
001 6927
003 GE_BSU
005 20200206171115.0
008 181216s1975||||ge |||||||||||||| ||geo||
040 _cGE_BSU
041 _ageo
080 _a821.353.1-1 გ-97
100 _aგურჯიძე, არჩილ.
_96837
245 _aმადლი მზისა :
_bლექსები /
_cარჩილ გურჯიძე ; რედ. დ. ივარდავა ; მხატვ. ა. წიკლაური.
264 _aთბილისი :
_bსაბჭ.საქართველო,
_c1975.
300 _a80 გვ. ;
_c16 სმ.
653 _aმადლი მზისა
653 _aლექსები
700 _aივარდავა, დ.
_eრრედაქტორი
_93755
700 _aწიკლაური, ა.
_eმხატვარი
_96849
942 _cBK
_2udc